[Event "East Lansing (MOR/5)"]
[Site "?"]
[Date "1991.??.??"]
[Round "?"]
[White "Mose, Greg"]
[Black "Rosebrook, G."]
[Result "1-0"]
[WhiteElo "1665"]
[BlackElo "1605"]
[PlyCount "29"]
[EventDate "1991.??.??"]

1. e4 c5 2. b4 e6 3. bxc5 Bxc5 4. d4 Be7 5. Nf3 d6 6. Bb5+ Bd7 7. a4 Nf6 8. e5
Nd5 9. Ba3 Qa5+ 10. Qd2 Qc7 11. c4 Bxb5 12. axb5 Qxc4 13. exd6 Bd8 14. Ne5 Nd7
15. Nxc4 1-0

[Event "East Lansing (MOR/1)"]
[Site "?"]
[Date "1991.??.??"]
[Round "?"]
[White "Mose, Greg"]
[Black "Mech, R."]
[Result "1-0"]
[WhiteElo "1665"]
[BlackElo "1605"]
[PlyCount "39"]
[EventDate "1991.??.??"]

1. e4 c5 2. b4 cxb4 3. a3 bxa3 4. Bxa3 Nc6 5. Nf3 d6 6. Bb5 Bd7 7. O-O Nf6 8.
Re1 g6 9. d4 Qa5 10. Bc4 Bg7 11. Nbd2 O-O 12. Bxd6 Qc3 13. Ra3 Qb2 14. Rb3 Qa2
15. Rxb7 Qa5 16. Bc5 Rfb8 17. Rxb8+ Rxb8 18. Nb3 Qc7 19. d5 Na5 20. d6 1-0

[Event "East Lansing (MOR/7)"]
[Site "?"]
[Date "1991.??.??"]
[Round "?"]
[White "Mose, Greg"]
[Black "Cooper, Willie"]
[Result "1-0"]
[WhiteElo "1665"]
[BlackElo "1605"]
[PlyCount "123"]
[EventDate "1991.??.??"]

1. e4 c5 2. b4 b6 3. bxc5 bxc5 4. Nf3 e6 5. Ba3 Nf6 6. e5 Nd5 7. c4 Nf4 8. g3
Ng6 9. Bg2 Bb7 10. Bb2 Be7 11. O-O Nc6 12. d4 cxd4 13. Nxd4 O-O 14. Nb5 Qb6 15.
N1c3 Rab8 16. Na4 Qd8 17. Nd6 Ba8 18. Re1 f6 19. exf6 Bxf6 20. Bxf6 Qxf6 21.
Ne4 Qd4 22. Qxd4 Nxd4 23. Rad1 e5 24. Nac5 Bc6 25. a4 Rb2 26. Nd3 Re2 27. Rxe2
Nxe2+ 28. Kf1 Bxe4 29. Bxe4 Nc3 30. Bd5+ Nxd5 31. cxd5 d6 32. Ke2 a5 33. Ke3
Ne7 34. Nb2 Nf5+ 35. Ke4 Nd4 36. f4 Ne2 37. Kd3 Rb8 38. Kxe2 Rxb2+ 39. Rd2 Rb4
40. fxe5 Re4+ 41. Kd3 Rxe5 42. Kc4 Kf7 43. Kb5 Re3 44. Kxa5 Rb3 45. Rd4 g5 46.
Rb4 Rd3 47. Kb6 Rxd5 48. a5 Rd2 49. a6 Rxh2 50. a7 Ra2 51. Kb7 Ke6 52. a8=Q
Rxa8 53. Kxa8 d5 54. Rb1 Kf5 55. Kb7 Kg4 56. Rb3 h5 57. Kc6 h4 58. gxh4 Kxh4
59. Kxd5 g4 60. Ke4 g3 61. Kf3 Kh3 62. Kf4 1-0

[Event "Detroit (HPO/2/28)"]
[Site "?"]
[Date "1991.??.??"]
[Round "?"]
[White "Morrow, Chris"]
[Black "Houston, Ryan"]
[Result "1-0"]
[WhiteElo "1715"]
[BlackElo "1605"]
[PlyCount "116"]
[EventDate "1991.??.??"]

{2/(28)} 1. e4 e5 2. Nf3 Nf6 3. Nxe5 Qe7 4. Nf3 Nxe4 5. Qe2 Nf6 6. d4 Nc6 7.
Bg5 Qxe2+ 8. Bxe2 Be7 9. c3 d5 10. O-O O-O 11. Bf4 Bd8 12. Nbd2 Be6 13. Rfe1
Ne7 14. Bd3 c6 15. Ng5 Bf5 16. Bxf5 Nxf5 17. Re2 Nh5 18. Nh3 Nxf4 19. Nxf4 Bg5
20. Nd3 Bxd2 21. Rxd2 Rfe8 22. Re1 Rxe1+ 23. Nxe1 Re8 24. Nd3 Kf8 25. Kf1 f6
26. Re2 Rxe2 27. Kxe2 Ke7 28. Kf3 g5 29. Kg4 Ng7 30. f4 h5+ 31. Kf3 g4+ 32. Kf2
f5 33. Kg3 Kd6 34. Kh4 b6 35. b4 Ke6 36. Kg5 Ke7 37. Kg6 Kf8 38. Ne5 h4 39.
Nxc6 a6 40. Nb8 a5 41. Nd7+ Ke7 42. Nxb6 Ne6 43. Kxf5 axb4 44. Nxd5+ Kd6 45.
Nxb4 g3 46. hxg3 hxg3 47. Kg4 Nxd4 48. cxd4 Kc7 49. f5 Kb6 50. f6 Kb5 51. a3
Ka4 52. f7 Kb3 53. f8=Q Kb2 54. Qc5 Kb3 55. Qc2+ Kxa3 56. Qb1 Ka4 57. Nc6 Ka3
58. Qb4+ Ka2 1-0

[Event "Detroit (HPO/5/24)"]
[Site "?"]
[Date "1991.??.??"]
[Round "?"]
[White "Morrow, Chris"]
[Black "Bood, L."]
[Result "1-0"]
[WhiteElo "1715"]
[BlackElo "1605"]
[PlyCount "138"]
[EventDate "1991.??.??"]

{5/(24)} 1. e4 d5 2. exd5 Qxd5 3. Nc3 Qa5 4. d4 Nf6 5. Nf3 Bg4 6. h3 Bxf3 7.
Qxf3 c6 8. Bc4 e6 9. O-O Be7 10. Be3 Nbd7 11. a3 O-O 12. Be2 Nd5 13. Nxd5 exd5
14. Bd3 Nf6 15. Qg3 g6 16. f4 Qc7 17. Qf3 Rae8 18. f5 Kg7 19. Qf2 Nh5 20. Qd2
Ng3 21. Rf3 Ne4 22. Bxe4 dxe4 23. Rff1 f6 24. Bh6+ Kg8 25. Bxf8 Rxf8 26. fxg6
hxg6 27. Qf4 Qxf4 28. Rxf4 f5 29. h4 g5 30. hxg5 Bxg5 31. Rff1 Be3+ 32. Kh1 Kg7
33. g3 Bxd4 34. c3 Be5 35. Kg2 Kf6 36. Rae1 Rg8 37. Re3 Rg4 38. Kh3 Kg5 39. Rd1
Kf6 40. Rd7 Rg7 41. Rxg7 Kxg7 42. g4 Kf6 43. gxf5 Kxf5 44. Kg2 Bf4 45. Re1 Bd2
46. Rd1 e3 47. Kf1 Ke5 48. Ke2 a5 49. Rh1 b6 50. a4 Kd5 51. Kd3 Kc5 52. Rh5+
Kd6 53. Rh4 Kc5 54. Re4 Kd5 55. b3 Bc1 56. b4 axb4 57. cxb4 Bd2 58. Rh4 Kd6 59.
Re4 Kd7 60. Kc4 Kd6 61. b5 c5 62. Kd3 Kd7 63. Rh4 Kd6 64. Rh6+ Kc7 65. Rh7+ Kb8
66. Re7 Kc8 67. Kc4 Kb8 68. Kd5 Kc8 69. Kc6 Kb8 1-0

[Event "Flint (MI Senior/1)"]
[Site "?"]
[Date "1991.??.??"]
[Round "?"]
[White "Moore, Robert"]
[Black "Shields, B."]
[Result "0-1"]
[WhiteElo "1775"]
[BlackElo "1605"]
[PlyCount "86"]
[EventDate "1991.??.??"]

1. e4 c5 2. Nf3 e6 3. d4 cxd4 4. Nxd4 Nc6 5. a3 d5 6. exd5 Qxd5 7. Nxc6 Qxd1+
8. Kxd1 bxc6 9. Nc3 Bc5 10. Ne4 Bd4 11. c3 Be5 12. f4 Bc7 13. Be3 Bb7 14. g3
O-O-O+ 15. Kc2 c5 16. Nxc5 Bxh1 17. Ba6+ Kb8 18. Rxh1 Bb6 19. Bd4 Bxc5 20. Bxc5
Nf6 21. Bd3 Nd5 22. Re1 h5 23. Bd4 h4 24. Bxg7 Rhg8 25. Be5+ Kc8 26. c4 f6 27.
cxd5 fxe5 28. Rxe5 exd5 29. g4 Kb8 30. h3 Rg7 31. Rh5 Rc7+ 32. Kd2 Rd6 33. b3
d4 34. Rxh4 Rc3 35. Bc4 Rf3 36. f5 d3 37. Rh8+ Kc7 38. h4 Rf2+ 39. Kd1 d2 40.
Rh7+ Kb6 41. a4 Rg2 42. a5+ Kc6 43. Be2 Rxe2 0-1

[Event "Flint (MI Senior/3)"]
[Site "?"]
[Date "1991.??.??"]
[Round "?"]
[White "Moore, Robert"]
[Black "Emke, Robert"]
[Result "0-1"]
[WhiteElo "1775"]
[BlackElo "1930"]
[PlyCount "68"]
[EventDate "1991.??.??"]

1. e4 e6 2. d4 d5 3. Nc3 Bb4 4. e5 Ne7 5. Bd2 a6 6. Nf3 c5 7. a3 Bxc3 8. bxc3
c4 9. Be2 b5 10. Qc1 h6 11. h4 Bd7 12. h5 Bc6 13. g4 Nd7 14. Nh4 Qc7 15. f4
O-O-O 16. O-O Rdg8 17. Qb2 g6 18. hxg6 Nxg6 19. Nxg6 Rxg6 20. Qb4 f5 21. Qe7
Nf8 22. Qh4 Qg7 23. Kf2 fxg4 24. Rg1 h5 25. Rg2 Rh7 26. Rg3 Qf7 27. Rf1 Qf5 28.
Bd1 Rgg7 29. Qf6 Qxf6 30. exf6 Rf7 31. Kg2 Rxf6 32. Rh1 Rff7 33. Kh2 Ng6 34.
Rf1 Ne7 0-1

[Event "East Lansing (MOR/1)"]
[Site "?"]
[Date "1991.??.??"]
[Round "?"]
[White "Moore, H."]
[Black "Sundeen, David"]
[Result "1/2-1/2"]
[WhiteElo "1605"]
[BlackElo "1695"]
[PlyCount "99"]
[EventDate "1991.??.??"]

1. d4 Nf6 2. c4 e6 3. Nc3 Bb4 4. Nf3 O-O 5. Bg5 c5 6. e3 Bxc3+ 7. bxc3 cxd4 8.
Bxf6 Qxf6 9. cxd4 b6 10. Bd3 Bb7 11. e4 Nc6 12. e5 Qh6 13. Be4 Na5 14. Bxb7
Nxb7 15. h4 Rfd8 16. Ng5 f6 17. exf6 Qxf6 18. Qg4 Rac8 19. Rc1 d5 20. O-O h6
21. Nxe6 Rd7 22. cxd5 Rxc1 23. Rxc1 Rf7 24. Rc8+ Kh7 25. Qe4+ g6 26. Rc6 Qxf2+
27. Kh2 Qf5 28. Qe5 Qxe5+ 29. dxe5 Re7 30. Rc7 Rxc7 31. Nxc7 Kg7 32. d6 a5 33.
d7 Kf7 34. Kg3 Ke7 35. e6 b5 36. Nxb5 Kxe6 37. Kf4 Kxd7 38. Ke5 Ke7 39. g4 Nc5
40. Kf4 Ke6 41. Nd4+ Kd5 42. Ke3 Ne4 43. a4 Nf6 44. g5 hxg5 45. hxg5 Nh7 46.
Nb3 Kc4 47. Nxa5+ Kb4 48. Nc6+ Kxa4 49. Ne5 Nxg5 50. Nxg6 1/2-1/2

[Event "East Lansing (MOR/3)"]
[Site "?"]
[Date "1991.??.??"]
[Round "?"]
[White "Moore, H."]
[Black "Steverson, Bunnard"]
[Result "0-1"]
[WhiteElo "1605"]
[BlackElo "1785"]
[PlyCount "55"]
[EventDate "1991.??.??"]

1. d4 d5 2. c4 Nf6 3. Nc3 e6 4. Nf3 Be7 5. e3 O-O 6. Be2 c5 7. O-O a6 8. cxd5
Nxd5 9. e4 Nf6 10. Qc2 cxd4 11. Rd1 e5 12. Nxe5 Qc7 13. Bc4 Qxe5 14. Nd5 Nxd5
15. exd5 Bf5 16. Qb3 b5 17. Bd3 Bxd3 18. Qxd3 Bc5 19. Bd2 Qxd5 20. Re1 Nd7 21.
a3 Nf6 22. b4 Bb6 23. Qg3 Rfe8 24. Bh6 g6 25. Rad1 d3 26. h3 Rxe1+ 27. Rxe1 Ne4
28. Qe3 0-1

[Event "Flint (MI Senior/1)"]
[Site "?"]
[Date "1991.??.??"]
[Round "?"]
[White "Moore, H."]
[Black "Rostrom, Richard"]
[Result "0-1"]
[WhiteElo "1605"]
[BlackElo "1715"]
[PlyCount "100"]
[EventDate "1991.??.??"]

1. d4 Nf6 2. c4 c5 3. d5 b5 4. e3 d6 5. Nf3 g6 6. b3 Bg7 7. Bb2 O-O 8. Bd3 Qa5+
9. Nbd2 Bg4 10. O-O Nbd7 11. h3 Bxf3 12. Nxf3 Rfb8 13. Qc2 bxc4 14. Bxc4 Qc7
15. Rfe1 Nb6 16. e4 a5 17. e5 Nfxd5 18. exd6 exd6 19. Bxg7 Kxg7 20. Ng5 Nxc4
21. Qxc4 Nb6 22. Qf4 Nd5 23. Qf3 Nb4 24. Re2 Nc6 25. Ne4 Qd8 26. Qc3+ Nd4 27.
Re3 Qb6 28. Rd1 Qb4 29. Qb2 Qb6 30. Nd2 Qd8 31. Rf3 Kg8 32. Re3 Qf6 33. Kf1 Qg7
34. Ne4 Ra6 35. Rde1 a4 36. Nxd6 Ne6 37. Qxg7+ Kxg7 38. Nc4 axb3 39. axb3 Nd4
40. Rb1 Rba8 41. Kg1 Ra1 42. Rxa1 Rxa1+ 43. Kh2 Rb1 44. Na5 Rb2 45. f3 Nf5 46.
Rc3 Nh4 47. Kg3 g5 48. Kg4 Kg6 49. f4 h5+ 50. Kg3 Rxg2# 0-1

[Event "Flint (MI Senior/2)"]
[Site "?"]
[Date "1991.??.??"]
[Round "?"]
[White "Moore, H."]
[Black "Moore, Robert"]
[Result "0-1"]
[WhiteElo "1605"]
[BlackElo "1775"]
[PlyCount "36"]
[EventDate "1991.??.??"]

1. d4 Nf6 2. c4 d6 3. Nc3 g6 4. e4 Bg7 5. Nf3 O-O 6. Be2 Nbd7 7. O-O e5 8. d5
Ne8 9. Ne1 Nc5 10. b4 Na6 11. a3 f5 12. f4 exf4 13. Qc2 fxe4 14. Rxf4 Rxf4 15.
Bxf4 Qf6 16. Bg3 Qxc3 17. Qxe4 Qd4+ 18. Qxd4 Bxd4+ 0-1

[Event "East Lansing (MOR/7)"]
[Site "?"]
[Date "1991.??.??"]
[Round "?"]
[White "Moore, H."]
[Black "Hubbell, W."]
[Result "0-1"]
[WhiteElo "1605"]
[BlackElo "1605"]
[PlyCount "80"]
[EventDate "1991.??.??"]

1. d4 d5 2. c4 e6 3. Nc3 Nf6 4. Nf3 b6 5. cxd5 Nxd5 6. e4 Nxc3 7. bxc3 Bb7 8.
Bd3 Be7 9. O-O O-O 10. Re1 Nd7 11. e5 c5 12. h4 Bxf3 13. Qxf3 Bxh4 14. Qg4 Be7
15. Bh6 g6 16. Bxf8 Nxf8 17. Re3 cxd4 18. cxd4 Rc8 19. Rf3 Qe8 20. Qf4 Rd8 21.
Bb5 Nd7 22. Kh2 Kg7 23. Rc1 h6 24. Qe4 Qf8 25. Qb7 Nxe5 26. dxe5 Rd5 27. Rc8
Bd8 28. Bc4 Rxe5 29. Rd3 Rh5+ 30. Kg1 Qa3 31. g3 Qc1+ 32. Rd1 Qxd1+ 33. Bf1 Bf6
34. Qb8 Bd4 35. Rg8+ Kf6 36. Qf4+ Rf5 37. Qh4+ Ke5 38. Rc8 Bxf2+ 39. Kg2 Bc5
40. a4 Qxf1+ 0-1

[Event "East Lansing (MOR/5)"]
[Site "?"]
[Date "1991.??.??"]
[Round "?"]
[White "Moore, H."]
[Black "Caron, L."]
[Result "1-0"]
[WhiteElo "1605"]
[BlackElo "1605"]
[PlyCount "53"]
[EventDate "1991.??.??"]

1. d4 Nf6 2. c4 g6 3. Nc3 Bg7 4. e4 O-O 5. Nf3 d6 6. Bd3 Nc6 7. O-O e5 8. d5
Bg4 9. dxc6 bxc6 10. Be2 c5 11. Bg5 Bxf3 12. Bxf3 Qd7 13. Re1 Rab8 14. b3 a6
15. Qe2 h6 16. Bxf6 Bxf6 17. Nd5 Qd8 18. Rad1 c6 19. Nxf6+ Qxf6 20. Qd2 Rbd8
21. Qxh6 Qf4 22. Qxf4 exf4 23. Rd3 Rfe8 24. Red1 Re6 25. Bg4 f5 26. exf5 gxf5
27. Bf3 1-0

[Event "Detroit (HPO/2/38)"]
[Site "?"]
[Date "1991.??.??"]
[Round "?"]
[White "Moore, Do"]
[Black "Thomas, Willie"]
[Result "0-1"]
[WhiteElo "1605"]
[BlackElo "1605"]
[PlyCount "60"]
[EventDate "1991.??.??"]

{2/(38)} 1. e4 c6 2. Nf3 d5 3. exd5 cxd5 4. d4 Nc6 5. Bb5 a6 6. Ba4 Bg4 7. h3
Bh5 8. O-O Nf6 9. Qd3 Bg6 10. Qe2 e6 11. Ne5 Qc7 12. Nc3 Bd6 13. Bxc6+ bxc6 14.
Nxg6 hxg6 15. Bg5 Be7 16. Rad1 Rh5 17. f4 c5 18. dxc5 Qxc5+ 19. Kh1 Rh8 20.
Bxf6 gxf6 21. f5 gxf5 22. Qd3 Kd7 23. Rf4 Bd6 24. Ra4 Qf2 25. Ne2 Rag8 26. Rg1
Rg3 27. Nxg3 Bxg3 28. Qxg3 Qxg3 29. Rxa6 Rxh3+ 30. gxh3 Qxh3# 0-1

[Event "East Lansing (MOR/4)"]
[Site "?"]
[Date "1991.??.??"]
[Round "?"]
[White "Moore, Deane"]
[Black "Sutton, T."]
[Result "0-1"]
[WhiteElo "1605"]
[BlackElo "1780"]
[PlyCount "48"]
[EventDate "1991.??.??"]

1. e4 e5 2. Nf3 Nc6 3. Bc4 Nf6 4. d3 d5 5. exd5 Nxd5 6. h3 Be7 7. a3 O-O 8. Bd2
Re8 9. Nc3 Nf4 10. Bxf4 exf4 11. Ne2 Bf6 12. c3 Qe7 13. d4 Bf5 14. O-O Na5 15.
Nxf4 Nxc4 16. Nd5 Qd7 17. Nxf6+ gxf6 18. b4 Kh8 19. Nh4 Bxh3 20. Qf3 Rg8 21.
Qxf6+ Rg7 22. Kh1 Bxg2+ 23. Nxg2 Qh3+ 24. Kg1 Qxg2# 0-1

[Event "Ann Arbor (HVA/5/11)"]
[Site "?"]
[Date "1991.??.??"]
[Round "?"]
[White "Moore, Deane"]
[Black "Smeckert, Dennis"]
[Result "0-1"]
[WhiteElo "1605"]
[BlackElo "1605"]
[PlyCount "110"]
[EventDate "1991.??.??"]

{5/(11)} 1. e4 e5 2. Nf3 Nc6 3. a3 f5 4. d3 f4 5. Nc3 d6 6. h3 g5 7. d4 g4 8.
d5 Nce7 9. Ng5 Nxd5 10. Bb5+ c6 11. Nxd5 Qa5+ 12. Bd2 Qd8 13. hxg4 a6 14. Nxh7
Bg7 15. g5 Be6 16. Nhf6+ Nxf6 17. Nxf6+ Bxf6 18. Rxh8+ Bxh8 19. Qh5+ Kd7 20.
Bd3 Qe7 21. g6 Rg8 22. O-O-O Bf6 23. Qf3 Rxg6 24. Qh5 Qg7 25. Qh1 Rxg2 26. Rf1
Rg6 27. f3 Rh6 28. Qg1 Qxg1 29. Rxg1 d5 30. Bb4 Rh3 31. Rg6 Bh8 32. exd5 cxd5
33. Be2 e4 34. fxe4 dxe4 35. Bg4 Bxg4 36. Rxg4 e3 37. Rg1 f3 38. Bc5 f2 39.
Rd1+ Kc6 40. b4 Be5 41. Bxe3 Rxe3 42. Kd2 Rxa3 43. Ke2 Ra2 44. Kxf2 Rxc2+ 45.
Ke3 Rb2 46. Rc1+ Kb5 47. Rc5+ Kxb4 48. Rxe5 Rc2 49. Re6 Rc6 50. Re8 a5 51. Rb8
b5 52. Kd2 a4 53. Rh8 a3 54. Rh1 a2 55. Ra1 Kb3 0-1

[Event "Ann Arbor (HVA/4/9)"]
[Site "?"]
[Date "1991.??.??"]
[Round "?"]
[White "Moore, Deane"]
[Black "Rostrom, Richard"]
[Result "1-0"]
[WhiteElo "1605"]
[BlackElo "1660"]
[PlyCount "107"]
[EventDate "1991.??.??"]

{4/(9)} 1. e4 c6 2. Nc3 d5 3. d4 dxe4 4. Nxe4 Bf5 5. Nc3 e6 6. a3 Nf6 7. Nf3
Be7 8. h3 O-O 9. Bd3 Bxd3 10. Qxd3 Nbd7 11. O-O Rc8 12. Ne4 c5 13. c3 c4 14.
Qe2 Nb6 15. Nxf6+ Bxf6 16. Ne5 Qd5 17. Rd1 Bxe5 18. dxe5 Qb5 19. Bf4 Rfd8 20.
Bg3 Rd5 21. Rxd5 exd5 22. e6 f6 23. Re1 Re8 24. Qh5 g6 25. Qe2 Qc5 26. Bh4 Qf8
27. Qf3 Kg7 28. g4 g5 29. Bg3 Qc5 30. h4 h6 31. Qf5 Qe7 32. h5 Kh8 33. Qg6 Rg8
34. Qxh6+ Qh7 35. Qxf6+ Qg7 36. Qxg7+ Kxg7 37. Be5+ Kf8 38. Kg2 Ke7 39. h6 Kxe6
40. h7 Rc8 41. h8=Q Rxh8 42. Bxh8+ Kf7 43. Kg3 Na4 44. Re2 Nc5 45. Re5 Ne4+ 46.
Kg2 Nc5 47. Rxd5 Nd3 48. Rd7+ Kg8 49. Bf6 Nf4+ 50. Kf3 Nd3 51. Rxb7 a5 52. Bxg5
Ne5+ 53. Kg3 Nf7 54. Rc7 1-0

[Event "East Lansing (MOR/2)"]
[Site "?"]
[Date "1991.??.??"]
[Round "?"]
[White "Moore, Deane"]
[Black "Mose, Greg"]
[Result "1-0"]
[WhiteElo "1605"]
[BlackElo "1665"]
[PlyCount "88"]
[EventDate "1991.??.??"]

1. e4 c5 2. Nc3 Nc6 3. Nf3 d6 4. h3 a6 5. d3 e6 6. Be2 g6 7. O-O Bg7 8. Rb1
Nge7 9. Bg5 b5 10. Qd2 O-O 11. Nd1 d5 12. Bxe7 Qxe7 13. exd5 exd5 14. c3 d4 15.
Re1 Qd6 16. a3 b4 17. c4 b3 18. Qg5 Ne7 19. Qg3 Qxg3 20. fxg3 Nf5 21. g4 Nh6
22. Nf2 f5 23. g5 Nf7 24. h4 h6 25. Bd1 Rb8 26. Nh3 Bb7 27. Re6 Kh7 28. h5 Nxg5
29. Nfxg5+ hxg5 30. Nxg5+ Kh8 31. hxg6 Rf6 32. Bf3 Bxf3 33. Rbe1 Rxe6 34. Rxe6
Bg4 35. Kf2 f4 36. Rxa6 Re8 37. Ne4 Bf5 38. Nxc5 Bf8 39. Ne4 Bxe4 40. dxe4 Rxe4
41. Kf3 Re1 42. Ra8 Kg7 43. Rd8 Bxa3 44. bxa3 b2 1-0

[Event "East Lansing (MOR/5)"]
[Site "?"]
[Date "1991.??.??"]
[Round "?"]
[White "Moore, Deane"]
[Black "Davis, Michael"]
[Result "0-1"]
[WhiteElo "1605"]
[BlackElo "1605"]
[PlyCount "158"]
[EventDate "1991.??.??"]

1. e4 c5 2. Nc3 e6 3. Nf3 d6 4. d4 cxd4 5. Nxd4 Nf6 6. h3 a6 7. Qd3 Nbd7 8. Qe3
Be7 9. Be2 b5 10. Nc6 Qc7 11. Nxe7 Kxe7 12. Bd3 Re8 13. O-O Kf8 14. Qd2 Kg8 15.
b4 Bb7 16. Re1 d5 17. exd5 Nxd5 18. Nxd5 Bxd5 19. Bb2 Nf8 20. Qg5 Ng6 21. h4 f6
22. Qg3 Qxg3 23. fxg3 Ne7 24. a3 Nc6 25. Be4 Bxe4 26. Rxe4 Rad8 27. Bc3 e5 28.
Rae1 f5 29. R4e3 e4 30. Rf1 g6 31. Kh2 Ne5 32. Bxe5 Rxe5 33. c3 Rd3 34. Rxd3
exd3 35. Rd1 Rd5 36. Kh3 Kf7 37. g4 f4 38. g5 f3 39. gxf3 Ke6 40. Kg4 d2 41. f4
Rd3 42. f5+ gxf5+ 43. Kf4 Kd5 44. h5 Kc4 45. g6 hxg6 46. hxg6 Kxc3 47. g7 Kc2
48. g8=Q Kxd1 49. Qg1+ Kc2 50. Qc5+ Kb3 51. a4 d1=Q 52. axb5 axb5 53. Qxb5 Rf3+
54. Kg5 Qd8+ 55. Kg6 Rg3+ 56. Kf7 Qg8+ 57. Kf6 Qf8+ 58. Ke5 Qe7+ 59. Kd5 Qe4+
60. Kc5 Rc3+ 61. Kd6 Qxb4+ 62. Qxb4+ Kxb4 63. Ke5 Kc4 64. Kxf5 Re3 65. Kf4 Kd4
66. Kf5 Re4 67. Kf6 Re5 68. Kg6 Kd5 69. Kf6 Kd6 70. Kg6 Ke6 71. Kg7 Rf5 72. Kg6
Ke5 73. Kg7 Rf6 74. Kg8 Ke6 75. Kg7 Ke7 76. Kg8 Rf7 77. Kh8 Kf6 78. Kg8 Kg6 79.
Kh8 Rf8# 0-1

[Event "Ann Arbor (HVA/2/14)"]
[Site "?"]
[Date "1991.??.??"]
[Round "?"]
[White "Moore, Deane"]
[Black "Carpenter, George"]
[Result "0-1"]
[WhiteElo "1605"]
[BlackElo "1605"]
[PlyCount "54"]
[EventDate "1991.??.??"]

{2/(14)} 1. e4 d6 2. d4 Nf6 3. Nc3 g6 4. Nf3 Bg7 5. h3 O-O 6. Bc4 c6 7. Be3
Nbd7 8. Qd3 b5 9. Bb3 a5 10. a3 Ba6 11. Qd2 b4 12. Na2 Nxe4 13. Qc1 c5 14. Bd5
Ndf6 15. Bxa8 Qxa8 16. b3 Nd5 17. a4 Ndc3 18. Nxc3 Nxc3 19. Qd2 Be2 20. Rc1
Bxf3 21. gxf3 Qxf3 22. Rf1 cxd4 23. Qd3 dxe3 24. Qxe3 Qh5 25. Rg1 Bh6 26. Qxe7
Bxc1 27. Rh1 Qd1# 0-1

[Event "Detroit (HPO/5/33)"]
[Site "?"]
[Date "1991.??.??"]
[Round "?"]
[White "Moore, De"]
[Black "Davis, Michael"]
[Result "1/2-1/2"]
[WhiteElo "1605"]
[BlackElo "1605"]
[PlyCount "137"]
[EventDate "1991.??.??"]

{5/(33)} 1. e4 c5 2. Nc3 Nc6 3. Nf3 a6 4. d4 cxd4 5. Nxd4 Nf6 6. Nxc6 bxc6 7.
Qf3 e5 8. Bc4 Be7 9. O-O O-O 10. h3 d6 11. Ne2 Be6 12. Bd3 d5 13. Ng3 h6 14.
Nf5 Kh8 15. c3 a5 16. Qg3 Bxf5 17. exf5 e4 18. Be2 Bd6 19. Qh4 Nd7 20. Qxd8
Rfxd8 21. Be3 Bc5 22. Bh5 Bxe3 23. fxe3 Rf8 24. Rfd1 Ne5 25. b3 g6 26. fxg6
fxg6 27. Be2 a4 28. b4 Rfd8 29. a3 Rab8 30. h4 h5 31. Kh2 Rf8 32. Kg3 Rf6 33.
Rf1 Rxf1 34. Rxf1 Kg7 35. Rd1 Rb7 36. Kh3 Rf7 37. Rf1 Rxf1 38. Bxf1 Nd3 39. Be2
Kf6 40. g3 Kf5 41. Kg2 Ne1+ 42. Kf2 Nc2 43. Bd1 Nxa3 44. Bxa4 Nb5 45. Kg2 g5
46. hxg5 Kxg5 47. Kh3 Kg6 48. Kh4 Kh6 49. Bd1 Nxc3 50. Bxh5 Na2 51. g4 Nxb4 52.
g5+ Kg7 53. Kg3 c5 54. Kf2 d4 55. exd4 cxd4 56. Be8 Nd3+ 57. Ke2 Nf4+ 58. Kf2
Nh3+ 59. Ke2 Nxg5 60. Bb5 Kf6 61. Bc6 Ke5 62. Kf2 Nh3+ 63. Kg3 Nf4 64. Kf2 e3+
65. Ke1 d3 66. Bf3 Kd4 67. Kd1 e2+ 68. Kd2 Kc4 69. Be4 1/2-1/2

[Event "Detroit (HPO/1/21)"]
[Site "?"]
[Date "1991.??.??"]
[Round "?"]
[White "Moore, De"]
[Black "Ball, Ed"]
[Result "0-1"]
[WhiteElo "1605"]
[BlackElo "1930"]
[PlyCount "64"]
[EventDate "1991.??.??"]

{1/(21)} 1. e4 f5 2. d3 e5 3. Nf3 Nc6 4. a3 Nf6 5. Nc3 a5 6. h3 Bc5 7. Bg5 d6
8. Nd5 Be6 9. Nxf6+ gxf6 10. Bh4 Qe7 11. Qd2 Rg8 12. O-O-O b5 13. Kb1 b4 14. a4
Nd4 15. b3 Nxf3 16. gxf3 f4 17. d4 Bxd4 18. Bb5+ Bd7 19. Rdg1 O-O-O 20. Bxd7+
Kxd7 21. Qd3 Bb6 22. Qd5 Qe6 23. Rg4 h5 24. Rxg8 Rxg8 25. Bxf6 Qxd5 26. exd5
Bxf2 27. Rf1 Bg3 28. Rg1 Ke8 29. h4 Kf7 30. Bg5 Bxh4 31. Bxh4 Rxg1+ 32. Kb2 Ke8
0-1

[Event "East Lansing (MOR/5)"]
[Site "?"]
[Date "1991.??.??"]
[Round "?"]
[White "Mohammed, Azziem"]
[Black "Sarkisova, V."]
[Result "0-1"]
[WhiteElo "1785"]
[BlackElo "1605"]
[PlyCount "46"]
[EventDate "1991.??.??"]

1. e4 c5 2. Nf3 Nc6 3. d4 cxd4 4. Nxd4 d6 5. Nxc6 bxc6 6. Bc4 e5 7. Nc3 a5 8.
a4 Rb8 9. Qf3 Nf6 10. b3 Be7 11. h3 O-O 12. Be3 Qc7 13. O-O Be6 14. Qe2 d5 15.
exd5 cxd5 16. Nb5 Qb7 17. f4 dxc4 18. fxe5 Nd5 19. Bd4 cxb3 20. c3 Nb6 21. Nd6
Bxd6 22. exd6 Nc4 23. Qg4 Bxg4 0-1

[Event "East Lansing (MOR/3)"]
[Site "?"]
[Date "1991.??.??"]
[Round "?"]
[White "Mohammed, Azziem"]
[Black "Moore, Deane"]
[Result "1-0"]
[WhiteElo "1785"]
[BlackElo "1605"]
[PlyCount "31"]
[EventDate "1991.??.??"]

1. e4 e5 2. Nf3 d6 3. d4 exd4 4. Nxd4 a6 5. Bc4 Qe7 6. O-O g6 7. Nc3 Nf6 8. Bg5
c6 9. f4 h6 10. Bxf6 Qxf6 11. e5 Qg7 12. exd6 Bxd6 13. Re1+ Kf8 14. Ne4 Bb4 15.
Nf5 Qxb2 16. Qd8# 1-0

[Event "East Lansing (MOR/1)"]
[Site "?"]
[Date "1991.??.??"]
[Round "?"]
[White "Mohammed, Azziem"]
[Black "Anderson, D."]
[Result "1-0"]
[WhiteElo "1785"]
[BlackElo "1605"]
[PlyCount "60"]
[EventDate "1991.??.??"]

1. e4 c5 2. Nf3 d6 3. c3 Nf6 4. Qc2 a6 5. a4 Nc6 6. h3 g6 7. Bc4 Bg7 8. O-O O-O
9. Re1 Bd7 10. d4 cxd4 11. cxd4 Ne8 12. Be3 Rc8 13. Nc3 e6 14. Qe2 Nb4 15. Rec1
Nc7 16. d5 exd5 17. Nxd5 Nbxd5 18. exd5 Re8 19. Qd2 f6 20. Qb4 b5 21. axb5 axb5
22. Bb3 Bf8 23. Bb6 Kg7 24. Qd4 Kg8 25. Ra7 Ne6 26. Rxc8 Nxd4 27. Rxd8 Nxf3+
28. gxf3 Re1+ 29. Kg2 Be8 30. Be3 Bf7 1-0

[Event "Detroit (HPO/1/32)"]
[Site "?"]
[Date "1991.??.??"]
[Round "?"]
[White "Mohammed, A."]
[Black "Parker, Bernard"]
[Result "0-1"]
[WhiteElo "1785"]
[BlackElo "1605"]
[PlyCount "74"]
[EventDate "1991.??.??"]

{1/(32)} 1. d4 e6 2. e3 Nf6 3. Bd3 d5 4. Nd2 c5 5. c3 Nc6 6. f4 cxd4 7. exd4
Bd6 8. Ndf3 Qb6 9. Ne5 O-O 10. Ngf3 Nd7 11. Ng5 h6 12. h4 Ndxe5 13. fxe5 Be7
14. Nh7 Re8 15. Qg4 Kh8 16. Ng5 f5 17. exf6 Bxf6 18. Nf7+ Kg8 19. Nxh6+ Kf8 20.
Rf1 e5 21. Rxf6+ gxf6 22. Qg8+ Ke7 23. Qf7+ Kd8 24. Qxf6+ Re7 25. Nf7+ Ke8 26.
Nxe5 Nxe5 27. Qh8+ Kd7 28. dxe5 Qg1+ 29. Bf1 Qh2 30. Bg5 Rxe5+ 31. Kd1 Kc7 32.
Qd8+ Kc6 33. a4 Bg4+ 34. Kc2 Rxd8 35. Bxd8 Be2 36. Kb3 Bxf1 37. Rxf1 Kd7 0-1

[Event "Detroit (HPO/4/14)"]
[Site "?"]
[Date "1991.??.??"]
[Round "?"]
[White "Mohammed, A."]
[Black "Ball, Ed"]
[Result "0-1"]
[WhiteElo "2130"]
[BlackElo "1930"]
[PlyCount "112"]
[EventDate "1991.??.??"]

{4/(14)} 1. e4 f5 2. e5 d5 3. d4 e6 4. Nf3 c5 5. Bb5+ Nc6 6. Nc3 a6 7. Bxc6+
bxc6 8. O-O Bd7 9. Rb1 cxd4 10. Nxd4 c5 11. Nb3 Qb6 12. h4 a5 13. Qh5+ g6 14.
Qd1 a4 15. Na1 h6 16. g4 d4 17. Ne2 Bb5 18. Nf4 Ne7 19. Nd3 c4 20. Nb4 Nc6 21.
Nxc6 Qxc6 22. gxf5 exf5 23. f4 Bc5 24. Qf3 Ra7 25. Qxc6+ Bxc6 26. b4 Be7 27. c3
d3 28. Be3 Rb7 29. Bf2 g5 30. Kh2 Kf7 31. Bd4 Ke6 32. Rg1 g4 33. Kg3 Rd8 34. a3
Rdd7 35. Be3 Bd8 36. Rb2 Rb5 37. Rd2 Bb6 38. Bxb6 Rxb6 39. Re1 Rb5 40. Re3 Bf3
41. Re1 Be2 42. Rb1 Rg7 43. Re1 h5 44. Rb1 Rxe5 45. fxe5 Kxe5 46. Re1 f4+ 47.
Kg2 f3+ 48. Kg3 Ke4 49. Nc2 dxc2 50. Rxc2 Kd3 51. Ra2 Kxc3 52. Rb1 Bd3 53. Re1
Kb3 54. Raa1 Kb2 55. Rg1 Rf7 56. Rac1 f2 0-1

[Event "East Lansing (MOR/6)"]
[Site "?"]
[Date "1991.??.??"]
[Round "?"]
[White "Moceri, Paul"]
[Black "Wisckol, Richard"]
[Result "1-0"]
[WhiteElo "1605"]
[BlackElo "1765"]
[PlyCount "51"]
[EventDate "1991.??.??"]

1. e4 a6 2. d4 b5 3. Nf3 Bb7 4. Bd3 e6 5. O-O Nf6 6. Re1 c5 7. d5 c4 8. Bf1 Qc7
9. d6 Bxd6 10. e5 Bb4 11. c3 Bc5 12. exf6 gxf6 13. Nd4 Nc6 14. Be3 Ne5 15. Nd2
Rg8 16. b3 Ke7 17. Qh5 Bxd4 18. Bxd4 Qc6 19. Ne4 Rg4 20. Bxe5 Rxe4 21. Rxe4
Qxe4 22. Bg3 Rc8 23. Rc1 cxb3 24. axb3 Bd5 25. Qd1 Rg8 26. c4 1-0